000 00782nam a2200277Ia 4500
003 OSt
005 20220912145053.0
006 a|||||r|||| 00| 0
007 ta
008 220909b |||||||| |||| 00| 0 eng d
020 _a9783540727231 (hbd)
024 _a82369
037 _cTextual
040 _aCSL
_beng
_cCSL
041 _aeng
082 _aB2871, P7;2
100 _aKoch Karl-Rudolf
245 0 _aIntroduction to bayesian statistics:second, updated and enlarged edition
260 _aBerlin
_bSpringer
_c2007
300 _axii, 249p.
_ccm.
500 _aReferences 235-244p.; Index 245-249p.
650 _a Bayesian statistics
650 _aStatistics
942 _hB2871, P7;2
_cTEXL
_2CC
999 _c22394
_d22394